[Event "Forchheim op 10th"]
[Site "Forchheim"]
[Date "2011.10.09"]
[Round "4"]
[White "Gruendel, Johannes"]
[Black "Hummel, Thomas1111"]
[Result "0-1"]
[WhiteElo "1529"]
[BlackElo "1918"]
[PlyCount "46"]
[EventDate "2011.10.07"]
[EventType "swiss"]
[EventRounds "5"]
[EventCountry "GER"]
[SourceTitle "CBM 144 Extra"]
[Source "ChessBase"]
[SourceDate "2011.10.28"]
[SourceVersion "1"]
[SourceVersionDate "2011.10.28"]
[SourceQuality "1"]

1. e4 g6 2. d4 d6 3. Nf3 Bg7 4. Nc3 Nf6 5. Bc4 c6 6. Bg5 Qa5 7. 0-0 Bg4 8. Bf4 b5 9. Be2 b4 10. e5 Nh5 11. Ne4 Nxf4 12. exd6 e6 13. Nc5 Nd7 14. Qd2 Nxe2+ 15. Qxe2 Nxc5 16. dxc5 Qxc5 17. Rad1 0-0 18. Qe4 Bxf3 19. Qxf3 Rad8 20. d7 Bxb2 21. Rd3 e5 22. Rfd1 Bd4 23. Qxc6 Qxc6 0-1